| 000 | 00405nam a2200157Ia 4500 | ||
|---|---|---|---|
| 008 | 210716s2000 xx 000 0 und d | ||
| 020 | _a9812431047 | ||
| 041 | _aeng | ||
| 082 | _a658.1599 BUTK | ||
| 100 | _aButler, Kirt C. | ||
| 245 | _aMultinational finance. | ||
| 250 | _a2 | ||
| 260 |
_aNew Delhi _bSouth western college publishing _c2000 |
||
| 300 | _axxii,682 | ||
| 650 | _aInternational Finance | ||
| 999 |
_c197625 _d197625 |
||